Normal view
MARC view
- BOOTLE,R KAITH
Entry Personal Name
001 - CONTROL NUMBER
- control field: 89162
003 - CONTROL NUMBER IDENTIFIER
- control field: NUST
005 - DATE AND TIME OF LATEST TRANSACTION
- control field: 20220218101522.0
008 - FIXED-LENGTH DATA ELEMENTS
- fixed length control field: 220218|| aca||aabn | a|a d
040 ## - CATALOGING SOURCE
- Original cataloging agency: NUST
- Transcribing agency: NUST
100 ## - HEADING--PERSONAL NAME
- Personal name: BOOTLE,R KAITH
670 ## - SOURCE DATA FOUND
- Source citation: Work cat.: (NUST): BOOTLE,R KAITH., WOOD IN AUSTRALIA TYPES PROPERTIES AND USES /, 2005.
